| 000 | 00689nam a2200229Ia 4500 | ||
|---|---|---|---|
| 001 | 16953 | ||
| 003 | GE_BSU | ||
| 008 | 181216s||||||||xx |||||||||||||| ||und|| | ||
| 040 | _cGE_BSU | ||
| 080 | _a821.353.1-32 | ||
| 100 | _aავალიანი, ლ. | ||
| 245 | _aსულოაგას ქუდი | ||
| 245 | _bნოველა | ||
| 245 | _cრედ. მ.ჭავჭანიძე.ილ.: ნ. იანქოშვილი | ||
| 260 | _aთბილისი | ||
| 260 | _bსაბლიტგამი | ||
| 260 | _c1959 | ||
| 300 | _a41გვ. ; 15სმ. | ||
| 653 | _aნოველა | ||
| 653 | _aსულოაგას ქუდი | ||
| 942 | _cBK | ||
| 999 |
_c50015 _d50015 |
||